Sustainability (Record no. 77933)

MARC details
000 -LEADER
fixed length control field 00968cab a2200193 4500
001 - CONTROL NUMBER
control field ##L135553
008 - FIXED-LENGTH DATA ELEMENTS--GENERAL INFORMATION
fixed length control field 061107n2006 000 0 eng u
035 ## - SYSTEM CONTROL NUMBER
System control number (Sirsi) u135553
041 0# - LANGUAGE CODE
Language code of text/sound track or separate title eng
100 1# - MAIN ENTRY--PERSONAL NAME
Personal name Rawlinson, Simon
245 00 - TITLE STATEMENT
Title Sustainability
Remainder of title thermal insulation
260 ## - PUBLICATION, DISTRIBUTION, ETC.
Date of publication, distribution, etc. 2006
490 #0 - SERIES STATEMENT
Series statement Building
Volume/sequential designation 271(8452) 13 October 2006, 86-91(6)
520 ## - SUMMARY, ETC.
Summary, etc. Looks at thermal insulation as a sustainability solution. Covers: building fabric performance standards and insulation strategies; criteria for specifying thermal insulation; building fabric insulation products (mineral-based, mineral cellular, plastic cellular, and plant and animal-sourced cellular and fibrous products); recycling and disposal of plastics-based insulation; thermal performance of glass; and comparative capital cost and performance of thermal insulants.
590 ## - LOCAL NOTE (RLIN)
Local note IKA141106
651 #4 - SUBJECT ADDED ENTRY--GEOGRAPHIC NAME
Geographic name United Kingdom
Chronological subdivision
690 ## - LOCAL SUBJECT ADDED ENTRY--TOPICAL TERM (OCLC, RLIN)
Topical term or geographic name as entry element BUILT ENVIRONMENT-BUILDING ELEMENTS
942 ## - ADDED ENTRY ELEMENTS (KOHA)
Suppress in OPAC 0
Holdings
Withdrawn status Lost status Source of classification or shelving scheme Damaged status Not for loan Home library Current library Shelving location Date acquired Total Checkouts Full call number Barcode Date last seen Copy number Price effective from Koha item type
    Dewey Decimal Classification     London London Journal article 07/11/2006   L135553 135553-1001 06/08/2019 1 06/08/2019 Journal article